Регионална библиотека "Любен Каравелов" - Русе

Избрани творби (Запис номер 124813)

MARC детайли
000 -Лидер
Контролно поле с фиксирана дължина 01751nam a2200373 a 4500
003 - Код на организацията, давaща контролен номер
Контролно поле BLK
005 - Дата и час на последна редакция
Контролно поле 20250710110348.0
008 - Елементи от данни с фиксирана дължина
fixed length control field 180409b bul|||||r ||||||| ||bul||
010 ## - Наследен системен номер
LC control number KNG00130481000
040 ## - Източник на каталожния запис
Идентификатор на билиотеката - собственик на записа BLK
041 ## - Код за език
Код за езика на текст/звукозапис или на отделно заглавие Български
Код за езика КДБФ Български
080 ## - УДК
Текстов определител УДК Френска литература
УДК код - определител по УДК 821.133.1
УДК определител (081)
УДК - код + определител 821.133.1(081)
080 ## - УДК
Текстов определител УДК Френска литература
УДК код - определител по УДК 821.133.1
УДК определител -31
УДК - код + определител 821.133.1-31
100 1# - Редна дума - Автор
Автор Балзак, Оноре дьо
Авторска отговорност първи автор
R(LIN) 376104
139 ## - Редно поле
Редна дума Балзак, Оноре дьо
Авторски знак Балз - Б 22
245 10 - Сведения за заглавието
Заглавие Избрани творби
Подзаглавни данни В 10 т.
Редно поле (дума) Оноре дьо Балзак; предг. от Христо Тодоров; прев. на том Дора Попова.
Том Т. 4
Заглавие на том Лилия в долината
257 ## - Страна на издаване
Страна на създаване/издаване Франция
260 ## - Област на издателските данни
Място на издаване, разпространение и проч. София
Име на издателя, разпространителя и проч. Нар. култура
Година на издаване 1983 -
300 ## - Физическа характеристика
Размери/Мащаб 21 см
380 ## - Жанр
Жанр Худож. лит.
500 ## - Общи забележки
Забележка Други ред. : Л. Стефанова, П. Пройкова. - 100 125 тир.
505 ## - Форматирана забележка
Заглавие Херцогиня дьо Ланже
505 ## - Форматирана забележка
Подзаглавни данни Романи
Заглавие Златоокото момиче
700 1# - Други автори (авторска отговорност)
Лично име Тодоров, Христо
Автороска отговорност (Описва отношението между автора и произведението) предг. от
9 (RLIN) 364806
700 1# - Други автори (авторска отговорност)
Лично име Попова, Дора
Автороска отговорност (Описва отношението между автора и произведението) прев. на том
9 (RLIN) 365127
760 1# - Описание на основната серия
Редна дума на основното описание Балзак, Оноре дьо
Място на издаване, издател и година 1984
Страници - том 519 с.
Забележка - том Ориг. загл. Le lys dans la valle ; La duchesse de Langeais ; La fille aux yeux d`or / Balzac. - Други прев. : Е. Гечева, М. Нитова.
Заглавие Т. 4 Лилия в долината
852 ## - Местоположение
Форматна сигнатура Цб 120854
856 4# - Електронен адрес и достъп
Електронен формат pdf - файл
856 4# - Електронен адрес и достъп
Електронен формат pdf - файл
999 ## - СИСТЕМНИ КОНТРОЛНИ НОМЕРА
Koha biblionumber 124813
Koha biblioitemnumber 124813
942 ## - АРТИКУЛИ
Вид на библиотечния материал Книги
Скрит в OPAC Не
Периодичен библиозапис Да
Koha issues (borrowed), all copies 2
944 ## - СЪЗДАВАНЕ И РЕДАКЦИЯ на ЗАПИСА
Създаване/Редакция Създаване
Дата на регистрацията/редакция 11.05.2012
Статус, дата на статуса Цветелина Шанова
Служител, извършил регистрацията/редакцията 30531
944 ## - СЪЗДАВАНЕ И РЕДАКЦИЯ на ЗАПИСА
Създаване/Редакция Редакция
Дата на регистрацията/редакция 11.05.2012
Статус, дата на статуса 11.05.2012 - от С1,Р / 11.05.2012
999 ## - СИСТЕМНИ КОНТРОЛНИ НОМЕРА
Koha biblioitemnumber 124813
Наличности
Код за отписване Код за изгубен артикул Източник на класификационната схема Код за повреда Коз за рестрикции Код за отдаване Артикулен № Име на библиотеката - собственик Име на библиотеката, в която се намира в момента Статус (Текущо местоположение) Дата на вписване в системата Местоположение - отдел Цена в лева Инвентарен номер Систематично азбучна сигнатура Баркод Номер на екземпляра Цена в евро Служебна бележка Служебен тип на артикула
  Не е изгубен Universal Decimal Classification Не е повреден само за читалня ползва се в читалня 202571 Регионална библиотека "Любен Каравелов" Русе Регионална библиотека "Любен Каравелов" Русе Хранилище 1983-01-01 Хранилище 3.95 415320 Цб 120854 120000415320 1 2.02 Дост: Dp Вид: Д N: стар фонд Дата: 01.01.1983 Книги
Изтеглен Не е изгубен Universal Decimal Classification Не е повреден без рестрикции заемане за дома 202572 Регионална библиотека "Любен Каравелов" Русе Регионална библиотека "Любен Каравелов" Русе Заемна - подръчен фонд 1983-01-01 Заемна - подръчен фонд 3.95 415584 П 840(081)/Б 22 415584 2 2.02 Дост: Pk Вид: Ф N: стар фонд Дата: 01.01.1983 Книги
  Не е изгубен Universal Decimal Classification Не е повреден без рестрикции заемане за дома 202573 Регионална библиотека "Любен Каравелов" Русе Регионална библиотека "Любен Каравелов" Русе Заемна - подръчен фонд 1983-01-01 Заемна - подръчен фонд 3.95 415586 П 840(081)/Б 22 120000415586 3 2.02 Дост: Pk Вид: Ф N: стар фонд Дата: 01.01.1983 Дата инв: 12.02.2018 Бележки инв: П2018 Книги
Изтеглен Не е изгубен Universal Decimal Classification Не е повреден без рестрикции заемане за дома 202574 Регионална библиотека "Любен Каравелов" Русе Регионална библиотека "Любен Каравелов" Русе Заемна - подръчен фонд 1983-01-01 Заемна - подръчен фонд 3.95 415588 П 840(081)/Б 22 415588 4 2.02 Дост: Pk Вид: Ф N: стар фонд Дата: 01.01.1983 Книги
Изтеглен Не е изгубен Universal Decimal Classification Не е повреден без рестрикции заемане за дома 202575 Регионална библиотека "Любен Каравелов" Русе Регионална библиотека "Любен Каравелов" Русе Заемна - подръчен фонд 1983-01-01 Заемна - подръчен фонд 3.95 607056 П 840(081)/Б 22 607056 5 2.02 Дост: Pk Вид: Ф N: стар фонд Дата: 01.01.1983 Книги
Vip Innovations Ltd, Rousse, Bulgaria 2025